Oracle8 PL/SQL programming / (Record no. 62038)
[ view plain ]
| 000 -LEADER | |
|---|---|
| fixed length control field | 01312cam a2200337 a 4500 |
| 001 - CONTROL NUMBER | |
| control field | 12101887 |
| 003 - CONTROL NUMBER IDENTIFIER | |
| control field | NUST-PNEC |
| 005 - DATE AND TIME OF LATEST TRANSACTION | |
| control field | 20170116180738.0 |
| 008 - FIXED-LENGTH DATA ELEMENTS--GENERAL INFORMATION | |
| fixed length control field | 000710s2000 caua 001 0 eng d |
| 010 ## - LIBRARY OF CONGRESS CONTROL NUMBER | |
| LC control number | 00269324 |
| 020 ## - INTERNATIONAL STANDARD BOOK NUMBER | |
| International Standard Book Number | 0078823056 |
| 035 ## - SYSTEM CONTROL NUMBER | |
| System control number | (OCoLC)ocm44190700 |
| 040 ## - CATALOGING SOURCE | |
| Original cataloging agency | LML |
| Transcribing agency | PNEC |
| 042 ## - AUTHENTICATION CODE | |
| Authentication code | lccopycat |
| 050 00 - LIBRARY OF CONGRESS CALL NUMBER | |
| Classification number | QA76.73.P258 |
| Item number | U76 2000 |
| 082 00 - DEWEY DECIMAL CLASSIFICATION NUMBER | |
| Classification number | 005.756 URM |
| Edition number | 21 |
| 100 1# - MAIN ENTRY--PERSONAL NAME | |
| Personal name | Urman, Scott. |
| 245 10 - TITLE STATEMENT | |
| Title | Oracle8 PL/SQL programming / |
| Statement of responsibility, etc. | Scott Urman. |
| 260 ## - PUBLICATION, DISTRIBUTION, ETC. | |
| Place of publication, distribution, etc. | Berkeley, Calif. : |
| Name of publisher, distributor, etc. | Osborne/McGraw-Hill, |
| Date of publication, distribution, etc. | c1997. |
| 300 ## - PHYSICAL DESCRIPTION | |
| Extent | xxii, 772 p. : |
| Other physical details | ill. ; |
| Dimensions | 23 cm. |
| 500 ## - GENERAL NOTE | |
| General note | Includes index. |
| 500 ## - GENERAL NOTE | |
| General note | "Build powerful, Web-enabled PL/SQL applications"--Cover. |
| 500 ## - GENERAL NOTE | |
| General note | "The authorized Oracle Press editions"--Cover. |
| 500 ## - GENERAL NOTE | |
| General note | "Covers releases 8i, 8.0.x, and 7.x"--Cover. |
| 630 00 - SUBJECT ADDED ENTRY--UNIFORM TITLE | |
| Uniform title | Oracle (Computer file) |
| 650 #0 - SUBJECT ADDED ENTRY--TOPICAL TERM | |
| Topical term or geographic name entry element | PL/SQL (Computer program language) |
| General subdivision | MIS, Computer |
| 856 ## - ELECTRONIC LOCATION AND ACCESS | |
| Uniform Resource Identifier | <a href="http://www.amazon.com/Oracle8-SQL-Programming-Scott-Urman/dp/0078823056/ref=sr_1_1?s=books&ie=UTF8&qid=1417421154&sr=1-1&keywords=0078823056">http://www.amazon.com/Oracle8-SQL-Programming-Scott-Urman/dp/0078823056/ref=sr_1_1?s=books&ie=UTF8&qid=1417421154&sr=1-1&keywords=0078823056</a> |
| 906 ## - LOCAL DATA ELEMENT F, LDF (RLIN) | |
| a | 7 |
| b | cbc |
| c | copycat |
| d | 2 |
| e | ncip |
| f | 20 |
| g | y-gencatlg |
| 942 ## - ADDED ENTRY ELEMENTS (KOHA) | |
| Source of classification or shelving scheme | |
| Koha item type | Book |
| Withdrawn status | Lost status | Source of classification or shelving scheme | Damaged status | Not for loan | Permanent Location | Current Location | Shelving location | Date acquired | Source of acquisition | Cost, normal purchase price | Total Checkouts | Full call number | Barcode | Date last seen | Cost, replacement price | Price effective from | Koha item type |
|---|---|---|---|---|---|---|---|---|---|---|---|---|---|---|---|---|---|
| Pakistan Navy Engineering College (PNEC) | Pakistan Navy Engineering College (PNEC) | 03/31/2000 | NUST Recurring A/c | 880.00 | 005.756 URM | PNECLIB-021627 | 12/01/2014 | 880.00 | 03/31/2000 | Book | |||||||
| Pakistan Navy Engineering College (PNEC) | Pakistan Navy Engineering College (PNEC) | 03/21/2000 | Library Grant | 880.00 | 005.756 URM | PNECLIB-021628 | 12/10/2014 | 880.00 | 03/21/2000 | Book |
